Quizzes
Events
Quiz Creation
Community
Videos
Private Events
Remove Ads
Sign In
Join for FREE
Feedback
Dark Mode
Quiz Categories
Sports
Geography
Music
Movies
Television
Just For Fun
Miscellaneous
History
Literature
Language
Science
Gaming
Entertainment
Religion
Holiday
For Kids
Quiz Lab
Recent
Popular Today
Quiz Kudos Today
Editor Picks
Curator Picks
Quizzes by...
Day
Popularity
Type
Ratings
Length
Year
Community
Subscriptions
Recent Discussions
Orange Saloon
Badges
Playlists
Quests
Create
Leaderboards
Showdown
Live 5
Trivia Bingo
Activity
Puzzle Library
Sporcle Events
Private Events
Virtual Trivia
Globe League
Become a Host
Pub Owners
SporcleCon
Opinionation
Our Games
Videos
Blog
Mobile Apps
Partnerships
Remove Ads and Go Orange
Feedback
Music
Pop Music
The Beatles
Song
Album
Lyrics
Bands
Singers
Artist
Clip
Rock
Rap
Classical
Billboard
Country Music
Kpop
Taylor Swift
Music
Pop Music
The Beatles
Song
Album
Lyrics
Bands
Singers
Artist
Clip
Rock
Rap
Classical
Billboard
Country Music
Kpop
Taylor Swift
Random Quiz
Search Sporcle
×
Quiz Lab
Quiz Lab
Music
Song
Type in answers that appear in a list
Type in answers that appear in a list
Classic
Best Score? Go Orange.
2004 Top Hits Stats
Can you name the 2004 Top Hits with only partial lyrics?
By
kingdragon
15m
22 Questions
140 Plays
140 Plays
140 Plays
Comments
Comments
Give Quiz Kudos
Give Quiz Kudos
-
- Ratings
hide this ad
Replay
Link that replays current quiz
Next Quiz
Link to next quiz in quiz playlist
You Got
0%
They Got
Avg Score
28%
Avg Friend Score
Upgrade to see
Score Distribution
Jump to the score distribution portion of the page
Score
0/22
Timer
15:00
0
Plays Today
Partial Lyric
Song
% Correct
I've drove for miles and miles and wound up at your door, I've had you so many times
She will be loved
70.7%
..has take it's toll on me she said goodbye too many times
this love
58.6%
up in the club with my homies, tryna get a lil' V-
I, but keep it down on the low key
yeah
55.7%
debbie just hit the wall she never had it all
nineteen eighty five
48.6%
but when it comes to being lucky he's cursed when it comes to loving me he's worse
the first cut is the deepest
35.7%
let's talk this over it's not like we're dead
my happy ending
34.3%
*$%! all those kisses they didn't mean jack
I don't want you back
31.4%
i know you want it that thing that makes me what the guys go crazy for
milkshake
30.7%
keep on lookin' 'cause they stay in the jar, oh-
oh oh-
oh oh-
oh oh-
oh
goodies
28.6%
i can let my hair down i can say anything crazy
with you
27.9%
do you remember girl who was the one who gave you your first kiss
my boo
25%
Partial Lyric
Song
% Correct
i am moody messy i get restless and it's senseless
pieces of me
25%
and be the one who catches all your tears that's why i need you to hear
the reason
22.1%
welcome to the fallout welcome to resistance
dare you to move
20.7%
so she said 'what's the problem baby'
accidentally in love
20%
to be on the edge of breaking down, when no one's there to save you
welcome to my life
20%
tell me why i should stay in this relationship when i'm hurting baby
burn
17.9%
and it hurts so bad cause it's all in my head i think about it
over and over again
17.9%
of what i've been lately all i have to do is think of me
I don't want to be
14.3%
give you ice like kobe right, we sorta like goldie right, the way we mode 'em right
Overnight Celebrity
13.6%
get on the floor and move your booty..we the blast mastas blastin' out the ja, rewind
hey mama
10.7%
and we're on fire making our way back from Mars
one hundred years
4.3%
Quiz Playlist
Details
Report
Send in Message
Add To Playlist
Classic:
Type in answers that appear in a list
Last Updated: Feb 16, 2017
Quiz Scoreboard
CHALLENGE
Sign Up to Join the Scoreboard
Show All
Scores
Hide
Comments
May contain spoilers
Recently Published
College Basketball Coaching Resumes
by pancakes188
Sports
9m
Billboard Blitz: Fleetwood Mac
by CooCooCachoo
Music
15s
Presidents Visiting Landmarks
by Hejman
History
7m
More to Explore
Quiz From the Vault
Featured Blog Post
Where Did the Easter Bunny Come From?
hide this ad
You Might Also Like...
Tags
Lyrics Quiz
Song Quiz
2004
hit
partial
Top Hits
Today's Top Quizzes in Music
Browse Music
hide this ad
Today's Top Quizzes in Song
Browse Song
Top Contributed Quizzes in Music
1
Taylor Swift All Songs (2024)
2
7-to-1: Billboard Hot 100 #1 Hits of 2010s
3
Guess the Artist- 70s Songs
4
Sorting Albums and Songs
5
Taylor Swift Logic Puzzle
6
KPOP LOGIC QUIZ
7
Guess the Taylor Swift song (Mystery Song)
8
2010s Album by Cover III
9
One Thing in Common: Music
10
Guess The Taylor Swift Lyrics Song #1
Explore More
Trending Topics
Disney
Anime
Crossword
Marvel
NBA
Kpop
Harry Potter
Puzzle
WWE
Country
Pokémon
Song
Soccer
The Office
NFL
hide this ad
More By:
kingdragon
Quiz
Plays
Rating
Category
Featured
Created
Nickelodeon Animated TV Shows
634
3.75
Television
Apr 21, 2010
Every Garth Brooks Song List
461
3.50
Music
Apr 21, 2010
2004 Top Hits
140
1.60
Music
Apr 28, 2010
2001 Top Hits
114
4.00
Music
Apr 29, 2010
Keyboard Key Names
109
4.33
Miscellaneous
Apr 28, 2010
Go to Creator's Profile
Score Distribution
Quiz Creator Spotlight
kingdragon
Follow
Send a Message
Quizzes Created
-
Created Quiz Play Count
-
More By This Creator
Popular Quizzes Today
1
Find the US States - No Outlines Minefield
2
Find the Countries of Europe - No Outlines Minefield
3
The Countries of the World
4
Find the US States
5
Risky Map Clicking: Biggest States A-Z
6
US States
7
Popular People in 1961
8
Movies - When Are They Set?
More Music Quizzes
Guess the Hamilton lyrics [7]
Quiz Lab
Trending Quizzes
Risky Map Clicking: Least Populous States A-Z
1-10 Letter G Words
1-10 Letter F Words
Risky Map Clicking: Next State Alphabetically
Risky Map Clicking: Biggest States A-Z
Recently Updated
Leaping Animals
pecheneg
Reality TV Shows (A-Z)
bhenderson79
Rickey Henderson's Hall of Fame Teammates
pecheneg
Champions League XIs: Arsenal
pecheneg
Quick Pick: Celebrities in WWE's Hall of Fame
aduchscher
A-Z Keypad Blitz II
pecheneg
Multiple Oscar Actors
pecheneg
Mystery Phrase Blitz: Oscar 'Best Actors'
pecheneg
F. Scott Fitzgerald Novels
LTH
Pick 3 Villains
ddd62291
Trending Topics
Crossword
Kpop
Marvel
Harry Potter
Anime
Disney
NBA
WWE
Pokémon
The Office
Country
Puzzle
NFL
Soccer
Song
Your Account Isn't Verified!
In order to create a playlist on Sporcle, you need to verify the email address you used during registration. Go to your
Sporcle Settings
to finish the process.
Report this User
Report this user for behavior that violates our
Community Guidelines
.
Details:
Send Report
Go to the Sporcle.com Mobile Site →
Comments